Statistics for TNA Wrestling PPV Main Events - 2004 & 2005

Click here to take the quiz!

General Stats

  • This quiz has been taken 10 times
  • The average score is 14 of 18

Answer Stats

PPVAnswer% Correct
Lockdown, Slammiversary, No SurrenderAbyss
100%
Lockdown, Hard Justice, Slammiversary, UnbreakableAJ Styles
100%
Turning Point (2004), UnbreakableChristopher Daniels
100%
Victory RoadJeff Hardy
100%
Victory Road, Final Resolution, Against All Odds, Destination X, Hard Justice, Sacrifice, Bound for Glory, Genesis, Turning Point (2005)Jeff Jarrett
100%
Slammiversary, No Surrender, SacrificeRaven
100%
Sacrifice, Bound for Glory, Genesis, Turning Point (2005)Rhino
100%
Turning Point (2004), GenesisChris Harris
88%
Turning Point (2004), GenesisJames Storm
88%
Final Resolution, SlammiversaryMonty Brown
88%
UnbreakableSamoa Joe
88%
Turning Point (2004)Elix Skipper
63%
GenesisBrother Devon
50%
GenesisBrother Ray
50%
Destination XDiamond Dallas Page
50%
Against All OddsKevin Nash
50%
SlammiversarySean Waltman
38%
SacrificeSabu
13%

Score Distribution

Percentile by Number Answered

Percent of People with Each Score

Your Score History

You have not taken this quiz